ਆਜ਼ਾਦੀ ਦੀ ਸੁਚੇ ਵਣਜਾਰੇ / (Record no. 111111)

MARC details
000 -LEADER
fixed length control field 01027nam a22002417a 4500
010 ## - LIBRARY OF CONGRESS CONTROL NUMBER
LC control number A-981064
020 ## - INTERNATIONAL STANDARD BOOK NUMBER
International Standard Book Number 8186583203
Terms of availability 120.00
035 ## - SYSTEM CONTROL NUMBER
System control number A-981064
037 ## - SOURCE OF ACQUISITION
Stock number Cen Lib / Ret
040 ## - CATALOGING SOURCE
Original cataloging agency DPL
Language of cataloging PN
082 ## - DEWEY DECIMAL CLASSIFICATION NUMBER
Classification number 920
Item number ਸਵਰ
100 ## - MAIN ENTRY--PERSONAL NAME
Personal name ਸਵਰਨ ਸਿੰਘ
9 (RLIN) 133398
245 ## - TITLE STATEMENT
Title ਆਜ਼ਾਦੀ ਦੀ ਸੁਚੇ ਵਣਜਾਰੇ /
Statement of responsibility, etc ਸਵਾਰਨ ਸਿੰਘ
246 ## - VARYING FORM OF TITLE
Title proper/short title Aazadi di suche vanjare : (pen portraits of freedom fighters) /
Remainder of title by Swarn Singh
260 ## - PUBLICATION, DISTRIBUTION, ETC. (IMPRINT)
Place of publication, distribution, etc ਨਵੀ ਦਿੱਲੀ
Name of publisher, distributor, etc ਵੈੱਲਵਿਸ਼ ਪਬਲਿਸ਼ਰਜ਼
Date of publication, distribution, etc 1998
270 ## - ADDRESS
Address ਪੀ ਪੀ 5 ਮੌਰੀਆ ਔਨਕਲੈਵ ਪੀਤਮ ਪੂਰਾ
City ਨਵੀ ਦਿੱਲੀ
Postal code 110034
300 ## - PHYSICAL DESCRIPTION
Extent 111p ;
Other physical details 24cm
650 ## - SUBJECT ADDED ENTRY--TOPICAL TERM
Topical term or geographic name as entry element ਪੰਜਾਬ (ਭਾਰਤ) - ਜੀਵਨੀ
9 (RLIN) 2437
650 ## - SUBJECT ADDED ENTRY--TOPICAL TERM
Topical term or geographic name as entry element Punjab (India) -- Biography.
9 (RLIN) 133399
650 ## - SUBJECT ADDED ENTRY--TOPICAL TERM
Topical term or geographic name as entry element ਭਾਰਤ - ਪੰਜਾਬ
9 (RLIN) 34
650 ## - SUBJECT ADDED ENTRY--TOPICAL TERM
Topical term or geographic name as entry element India -- Punjab.
9 (RLIN) 133400
942 ## - ADDED ENTRY ELEMENTS (KOHA)
Source of classification or shelving scheme Dewey Decimal Classification
Koha item type Punjabi Bks
Classification part 920
Call number suffix ਸਵਰ
Holdings
Withdrawn status Lost status Damaged status Not for loan Home library Current library Date acquired Source of acquisition Cost, normal purchase price Total Checkouts Full call number Barcode Date last seen Copy number Cost, replacement price Price effective from Koha item type
        Central Library Central Library 13/02/2016 Cen Lib/Ret 120.00   920 ਸਵਰ A-981064 13/02/2016 1 120.00 13/02/2016 Punjabi Bks

© Delhi Public Library
Hit Counter
free hit counter